zpět

Detail výsledku týmu

U Dvou dobráků PO, Opava

Datum a čas kvízu

38 Celkem bodů Celkový počet nahraných bodů na tomto kvízu bez doplňovacích otázek.
2. Pořadí na kvízu Konečné umístění týmu na tomto kvízu.

Zaznamenané odpovědi

# Otázka Odpověď Body Výsledky
1. Poslanci jedné parlamentní str... 1
2. Jisté velké německé město svým... 0
3. Česká filmová a televizní akad... 1
4. Andrej Babiš se na zasedání Sv... 1
5. První vítězství ve světovém po... 1
22. Přiřaďte k sobě rodová a druho... 0
23. Několik druhů chameleonů (např... 1
24. Jak se nazývá tento živočich?... 1
25. Kteří dva herci ztvárnili dvě... 1
10. Ve které evropské zemi v mládí... 1